000
00327nam a2200121 a 4500
005
20141022141958.0
008
120306s19uu xx 00 eng d
050
_a
CD-ROM
_b
T57 2008
100
_a
Tokheim, Roger
245
_a
Digital electronics principles and applications /
_c
Roger Tokheim.
260
_c
2008.
942
_c
AVM
999
_c
276108
_d
276108